Shadowmarch /

Bibliographic Details
Main Author: Williams, Tad
Format: Book
Language:English
Published: New York : DAW Books : 2004-
Series:Williams, Tad. Shadowmarch ; bk. 1.
DAW book collectors ; no. 1309.
Subjects:

MARC

Tag First Indicator Second Indicator Subfields
LEADER 00000cam a2200000 a 4500
001 in00002000543
005 20151031134425.0
008 041020s2004 nyub e 000 1 eng d
010 |a  2005274850 
020 |a 0756402190 (alk. paper) 
020 |a 9780756402198 (alk. paper) 
035 |a (OCoLC)ocm57567997 
035 |a (OCoLC)57567997 
040 |a LPU  |c LPU  |d DLC  |d UBY  |d BAKER  |d BTCTA  |d TXA  |d UtOrBLW 
042 |a lccopycat 
049 |a TXAM 
082 0 0 |a 813/.54  |2 22 
090 |a PS3573.I45563  |b S44 2004 
100 1 |a Williams, Tad. 
245 1 0 |a Shadowmarch /  |c Tad Williams. 
264 1 |a New York :  |b DAW Books :  |c 2004- 
264 2 |a New York :  |b Distributed by Penguin Group, 
300 |a 656 pages :  |b maps ;  |c 24 cm. 
336 |a text  |b txt  |2 rdacontent 
337 |a unmediated  |b n  |2 rdamedia 
338 |a volume  |b nc  |2 rdacarrier 
490 1 |a DAW book collectors ;  |v no. 1309 
500 |a First volume in a trilogy. 
650 0 |a Magic  |v Fiction. 
655 7 |a Fantasy fiction.  |2 gsafd 
655 0 |a Fantasy fiction, American. 
800 1 |a Williams, Tad.  |t Shadowmarch ;  |v bk. 1. 
830 0 |a DAW book collectors ;  |v no. 1309. 
938 |a Baker & Taylor  |b BKTY  |c 25.95  |d 19.46  |i 0756402190  |n 0006060986  |s active 
938 |a Baker & Taylor  |b BKTY  |c 15.95  |d 11.96  |i 0756402700  |n 0006482940  |s active 
938 |a Baker and Taylor  |b BTCP  |n BK0006763009 
994 |a C0  |b TXA 
948 |a cataloged  |b h  |c 2007/8/16  |d c  |e lfurubot  |g recat 
999 |a MARS 
999 f f |s 99ba0ca0-7380-35c4-9ef6-92883d091457  |i c0c1384e-dc49-3660-9a91-036360d4f01c  |t 0 
952 f f |p ric  |a Texas A&M University  |b Rellis Campus  |c Joint Library Facility  |s JLF  |d Remote Storage  |t 0  |e PS3573.I45563 S44 2004  |h Library of Congress classification  |i unmediated -- volume  |m A14831761995 
998 f f |a PS3573.I45563 S44 2004  |t 0  |l Remote Storage